000 00365nas a2200157 a 4500
001 64007
003 136656
005 20201118110054.0
008 ||||||n9999 ||| || ||
041 _afre
245 0 _aLe monde - No.2636 (1999)
260 _aFrancia :
_bJean-Marie Colombani,
_c1999.
562 _e1
773 _033571
_aLe monde :
942 _cSISS
999 _c64007
_d64007